| 000 | 00577nam a2200181 i 4500 | ||
|---|---|---|---|
| 001 | 99242 | ||
| 003 | ES-MaACL | ||
| 007 | t| | ||
| 008 | 050906s1961 sp ||||1| spa d | ||
| 100 | 1 |
_aMartín Hernández, Francisco. _977523 |
|
| 245 | 1 | 3 |
_aLa formación clerical en los Colegios Universitarios Españoles _b: (1371-1563) / _cFrancisco Martín Hernández. |
| 260 |
_aVitoria : _bEser, _c1961. |
||
| 300 |
_a283 p. ; _c26 cm. |
||
| 490 | 1 |
_aVictoriensia ; _v14 |
|
| 830 | 0 |
_aVictoriensia ; _v14 _9181754 |
|
| 852 |
_aES-MaACL _jB-2186 _bR.48486 |
||
| 999 |
_c99242 _d99242 |
||